header

New paths to thick descriptions (Record no. 49823)

MARC details
000 -LEADER
fixed length control field 01206nam a2200289Ia 4500
245 00 - TITLE STATEMENT
Title New paths to thick descriptions
260 ## - PUBLICATION, DISTRIBUTION, ETC. (IMPRINT)
Place of publication Bradford, England :
Name of publisher Emerald Group Publishing,
Year of publication c2005.
300 ## - PHYSICAL DESCRIPTION
Number of Pages 118 p.
490 0# - SERIES STATEMENT
Series statement Qualitative market research an international journal ;
650 #0 - SUBJECT ADDED ENTRY--TOPICAL TERM
Topical Term Consumers
Topical Term Marketing research.
700 1# - ADDED ENTRY--PERSONAL NAME
Personal name Elliott, Richard.
Personal name Shankar, Avi.
856 40 - ELECTRONIC LOCATION AND ACCESS
Uniform Resource Identifier http://site.ebrary.com/lib/rucke/Doc?id=10085709

No items available.

© 2026 Rongo University
Contact us: librarian | system librarian | Rongo university